Welcome to CU Library Online Public Access Catalogue (OPAC)

LA SYMPHONIE PASTORALE (Record no. 7640)

MARC details
000 -LEADER
fixed length control field 00332nam a22001457a 4500
005 - DATE AND TIME OF LATEST TRANSACTION
control field 20250923122354.0
008 - FIXED-LENGTH DATA ELEMENTS--GENERAL INFORMATION
fixed length control field 250923b |||||||| |||| 00| 0 eng d
020 ## - INTERNATIONAL STANDARD BOOK NUMBER
International Standard Book Number 9782070360185
050 ## - LIBRARY OF CONGRESS CALL NUMBER
Classification number PQ2613
Item number .12 GID
100 ## - MAIN ENTRY--PERSONAL NAME
Personal name GIDE ANDRE
245 ## - TITLE STATEMENT
Title LA SYMPHONIE PASTORALE
260 ## - PUBLICATION, DISTRIBUTION, ETC.
Date of publication, distribution, etc. 1925
300 ## - PHYSICAL DESCRIPTION
Extent 149p
942 ## - ADDED ENTRY ELEMENTS (KOHA)
Source of classification or shelving scheme Library of Congress Classification
Koha item type Books
Suppress in OPAC No
999 ## -
-- 7640
-- 7640
Holdings
Withdrawn status Lost status Source of classification or shelving scheme Damaged status Not for loan Collection Home library Current library Shelving location Date acquired Total checkouts Full call number Barcode Date last seen Copy number Price effective from Koha item type
    Library of Congress Classification     Fiction Undergraduate Library (Christ Temple) Undergraduate Library (Christ Temple) General stacks 09/23/2025   PQ2613.12 GID ulct00004930 09/23/2025 1 09/23/2025 Books
    Library of Congress Classification     Fiction Undergraduate Library (Christ Temple) Undergraduate Library (Christ Temple) General stacks 09/23/2025   PQ2613.12 GID ulct00004931 09/23/2025 2 09/23/2025 Books
© 2023-2024 Copyright: Central University Libraries. All Rights Reserved | Created by: Mahone Tech Office